000 01264cam a22002054a 4500
005 20250605163948.0
008 250528s ||||||||||||||||||||||||d
035 _a15275
020 _a749414731
040 _aGR-AtMCL
_bgre
_dGR-AtMCL
_eAACR2
245 1 _aDoing Business in Polland / Second Edition
250 _a2nd
260 _bKogan Page,
_c1994
300 _a240
520 _aThis book is packed with practical information and guidance from leading accountants, lawyers, advisors and communication experts specializing in the region. Foreword, Preface, The Business Context, Poland and its Potential, Economic Reform, Political Transformation, A New Legal Framework, Polish Business Culture, Market Intelligence, The Business Infrastructure, Foreign Exchange, Banking, Privatization, Foreign Investment, Capital Markets, Valuation and Accounting, The Fiscal Regime, Property, Employment Law, The Labor Market, The Environment, Utilities, The Options for Western Business, Export and Import, Marketing, Trade Finance, Intellectual Property, Project Finance, Investment Strategy, Investment Finance, Setting Up a Company, Case Studies, Appendices, Index.
700 1 _aNathanson Nabarro
_91170
942 _cBK
999 _c867
_d867